000 00958nam a2200253 i 4500
001 bg
245 0 0 _aElektrotechnika ogólna w zadaniach :
_b(dla nieelektryków) : opracowanie zbiorowe /
_cpod red. Wiktora Pietrzyka ; [poszczeg. rozdz. oprac. Jerzy Adamkiewicz et al.] ; Politechnika Lubelska.
260 _aLublin :
_bWydawnictwa Uczelniane PL,
_c1995.
300 _a174 s. :
_brys., wykr. ;
_c24 cm.
500 _aU góry okł. nazwa przedmiotu : Elektrotechnika.
504 _aBibliogr. s. 142.
521 _aDla studentów Wydz. Mechanicznego, Inżynierii Budowlanej i Sanitarnej oraz Zarządzania i Podstaw Techniki.
650 9 _aElektrotechnika
655 _aPodręczniki akademickie
700 1 _aPIETRZYK, Wiktor.
_eRed.
700 1 _aADAMKIEWICZ, Jerzy.
020 _a838633326X
040 _cBPK
041 0 _apol
080 _a621.3(075.8)
920 _a83-86333-26-X
942 _cKS
008 s pl f |000 0 pol
999 _c24926
_d24926
856 _uhttp://koha.tu.koszalin.pl/cgi-bin/koha/opac-detail.pl?biblionumber=24926
_yKatalog online BPK